banner koha

Avaliação morfológica das membranas fetais e da placenta de Mazama gouazoubira (veado-catingueiro)de vida livre no terço inicial da gestação (Registro n. 218633)

MARC details
000 -LÍDER
campo de controle de tamanho fixo 01177nas a2200349 4500
001 - NÚMERO DE CONTROLE
campo de controle BR2012002713
003 - IDENTIFICADOR DO NÚMERO DE CONTROLE
campo de controle BR-BrBNA
005 - DATA E HORÁRIO DA ÚLTIMA TRANSAÇÃO
campo de controle 20231205120449.0
007 - CAMPO FIXO DE DESCRIÇÃO FÍSICA--INFORMAÇÃO GERAL
campo de controle de tamanho fixo ta
008 - CAMPO DE DADOS FIXOS--INFORMAÇÃO GERAL
campo de controle de tamanho fixo 230509b bl.|||p| |||| 00| 00por d
040 ## - FONTE DA CATALOGAÇÃO
Instituição da catalogação original BR-BrBNA
Idioma da catalogação por
Instituição que transcreveu o registro Biblioteca Nacional de Agricultura
041 ## - CÓDIGO DE IDIOMA
Código do idioma do texto/trilha sonora ou título diferente (Pt)
072 ## - CÓDIGO DE CATEGORIA DE ASSUNTO
Código de Categoria de Assunto L40; L53
100 1# - ENTRADA PRINCIPAL--NOME PESSOAL
Nome pessoal Ferreira, A.O.
100 1# - ENTRADA PRINCIPAL--NOME PESSOAL
Nome pessoal Morini, A.C.
100 1# - ENTRADA PRINCIPAL--NOME PESSOAL
Nome pessoal Favaron, P.O.
100 1# - ENTRADA PRINCIPAL--NOME PESSOAL
Nome pessoal Passos, C.C.
100 1# - ENTRADA PRINCIPAL--NOME PESSOAL
Nome pessoal Campos, D.B.
100 1# - ENTRADA PRINCIPAL--NOME PESSOAL
Nome pessoal Miglino, M.A.
100 1# - ENTRADA PRINCIPAL--NOME PESSOAL
Nome pessoal Guerra, R.R.
245 1# - TÍTULO
Título Avaliação morfológica das membranas fetais e da placenta de Mazama gouazoubira (veado-catingueiro)de vida livre no terço inicial da gestação
246 1# - FORMA VARIANTE DO TÍTULO
Título/título abreviado Morphological evaluation of fetal membranes and placenta of wild life Mazama gouazoubira deer in the first third of pregnancy
650 ## - ASSUNTO--TERMO TÓPICO
Cabeçalho tópico ou nome geográfico VEADO
650 ## - ASSUNTO--TERMO TÓPICO
Cabeçalho tópico ou nome geográfico MORFOLOGIA ANIMAL
650 ## - ASSUNTO--TERMO TÓPICO
Cabeçalho tópico ou nome geográfico PLACENTA
650 ## - ASSUNTO--TERMO TÓPICO
Cabeçalho tópico ou nome geográfico FETO
650 ## - ASSUNTO--TERMO TÓPICO
Cabeçalho tópico ou nome geográfico EMBRIÃO ANIMAL
650 ## - ASSUNTO--TERMO TÓPICO
Cabeçalho tópico ou nome geográfico PRENHEZ<br/>
773 0# - ENTRADA ANALÍTICA
Título Pesquisa Veterinária Brasileira (Brazil)
ISSN - International Standard Serial Number ISSN 0100-736X
Partes relacionadas (Jul 2011), v. 31(7) p. 631-635
Número de controle do registro BR2012002713
909 ## -
-- 202311
-- Lúcia
-- 55
-- Lúcia Elande
942 ## - ELEMENTOS DE ENTRADA ADICIONADOS (KOHA)
Fonte da classificação ou esquema de arquivamento na estante Classificação AGRIS
Ocultar no OPAC Não
Tipo de material Koha Analítica
Exemplares
Situação do descarte Fonte da classificação ou esquema de arquivamento na estante Situação física Não pode ser emprestado Biblioteca de origem Biblioteca atual Localização na estante Enumeração do periódico / cronologia Total de empréstimos Data de último acesso Número do exemplar Tipo de material Koha Fonte de aquisição
  Classificação AGRIS   Consulta local Biblioteca Nacional de Agricultura - Binagri Biblioteca Nacional de Agricultura - Binagri   (Jul 2011), v. 31(7) p. 631-635   29/11/2023 01 Periódicos Portaria Interministerial nº 164/94

BINAGRI

Telefone: (61)3218-2567/2388/3357/2097 - binagri@agro.gov.br

Ministério da Agricultura e Pecuária , Esplanada dos Ministérios, Bloco D, Anexo B, Brasília/DF, CEP: 70.043-900